Espacios de esperanza

Tallennettuna:
Bibliografiset tiedot
Päätekijä: Harvey, David (Tekijä)
Aineistotyyppi: Kirja
Kieli:espanja
Julkaistu: Madrid Akal 2012
Painos:1a. ed
Sarja:Cuestiones de Antagonismo, 16
Aiheet:
Tagit: Lisää tagi
Ei tageja, Lisää ensimmäinen tagi!

MARC

LEADER 00000cam a2200000 a 4500
001 UCE8985
003 CL-VaPUC
008 150911e20120000sp |||||||||||||||||spa|d
020 |a 9788446016380 
082 0 4 |a 305  |b HAR  |2 21 
100 |a Harvey, David  |e author  |9 603111 
245 1 0 |a Espacios de esperanza 
250 |a 1a. ed 
300 |a 328 p 
942 |c BK 
945 |d 20150911 12:29:00  |a gsalatino 
260 |a Madrid  |b Akal  |c 2012 
650 0 |a Pensamiento social  |9 375866 
650 0 |a Capitalismo  |9 255255 
650 0 |a Aspectos políticos   |9 257400 
650 0 |a Cambio social   |9 256857 
583 |a last modification  |c 20150911 12:29:00  |k Rodrigo Vera 
490 0 |a Cuestiones de Antagonismo, 16 
999 |c 360734  |d 360732 
952 |0 0  |1 0  |3 erb  |4 0  |6 305_000000000000000_HAR_2012  |7 0  |8 A  |9 470656  |a BIBEDU  |b BIBEDU  |i 5198569  |o 305 HAR 2012  |p 5198569  |r 2019-11-23  |w 2019-11-23  |y BK  |z Catalogado en:20150911  |k FIL 
952 |0 0  |1 0  |2 ddc  |3 erb  |4 0  |6 305_000000000000000_HAR_2012  |7 0  |8 A  |9 470657  |a BIBING  |b BIBING  |i 5467527  |l 4  |o 305 HAR 2012  |p 5467527  |r 2025-01-20  |s 2023-09-21  |w 2019-11-23  |y BK  |z Catalogado en:20180427  |k GEO